000
00302nam a22001337a 4500
008
180920b xxu||||| |||| 00| 0 eng d
020
_a
9780195337433
041
_a
eng
080
_2
9 ED
_a
070
100
_a
40
101
_a
MED
245
_a
Reporting For The Media
_c
Render.J R
942
_2
udc
_c
BK
999
_c
48145
_d
48145